Umweltfreundlichste Länder - Statistiken

Allgemein
  • Dieses Quiz wurde 125 mal gespielt
  • Das Durchschnittsergebnis liegt bei 26 aus 30
Antwortstatistiken
Platz EPI 2020 Land % Korrekt
08. 78,7 Schweden🇸🇪
99%
09. 77,7 Norwegen🇳🇴
98%
10. 77,2 Deutschland🇩🇪
97%
07. 78,9 Finnland🇫🇮
97%
06. 79,6 Österreich🇦🇹
96%
14. 74,4 Spanien🇪🇸
96%
🥇 82,5 Dänemark🇩🇰
95%
22. 71,0 Italien🇮🇹
94%
05. 80,0 Frankreich🇫🇷
93%
17. 72,3 Island🇮🇸
93%
20 71,0 Kanada🇨🇦
93%
11. 75,3 Niederlande🇳🇱
93%
🥉 81,5 Schweiz🇨🇭
93%
15. 73,3 Belgien🇧🇪
91%
27. 67,0 Portugal🇵🇹
90%
16. 72,8 Irland🇮🇪
89%
13. 74,9 Australien🇦🇺
88%
🥈 82,3 Luxemburg🇱🇺
88%
24. 69,3 USA🇺🇸
86%
19. 71,3 Neuseeland🇳🇿
85%
04. 81,3 Vereinigtes Königreich🇬🇧
85%
12. 75,1 Japan🇯🇵
84%
21. 71,0 Tschechien🇨🇿
82%
25. 69,1 Griechenland🇬🇷
79%
30. 65,3 Estland🇪🇪
76%
28. 66,5 Südkorea🇰🇷
75%
18. 72,0 Slowenien🇸🇮
71%
26. 68,3 Slowakei🇸🇰
70%
23. 70,7 Malta🇲🇹
62%
29. 65,8 Israel🇮🇱
39%
Keine übereinstimmenden Quizze gefunden
Verteilung der Resultate
Anzahl Personen mit jedem Resultat
Perzentil nach korrekt beantworteten Fragen
Ihre Resultats-Entwicklung
Sie haben dieses Quiz noch nicht gespielt